000 00814nam a22002057a 4500
005 20130813142146.0
008 130813b2007 ck ||||| |||| 00| 0 spa d
020 _a9789588272450
041 _aspa
044 _ack
082 _a634.9
_bC175s
245 _aSistemas silvopastoriles con árboles maderables dentro de pasturas :
_bestrategias para su establecimiento /
_cJuan Carlos Camargo-García, Johnny Gaviria Vásquez y Harold Cardona Trujllo
260 _aBogotá
_bCentro de Investigaciones y Estudios en Biodiversidad y Recursos Genéticos
_bColciencias
_c2007
300 _a84 p.
_bil., mapas
_c24 cm.
650 _aArboles maderables
_91499
700 _aCamargo-García, Juan Carlos
_91500
700 _aGaviria Vásquez, Johnny
_91501
700 _aCardona Trujllo, Harold
_91502
942 _2ddc
_cImpreso
999 _c7550
_d7550